Statistics for Top World Cup Goalscorers For Each Country

Click here to take the quiz!

General Stats

  • This quiz has been taken 15 times
  • The average score is 7 of 15

Answer Stats

Country GoalsAnswer% Correct
Brazil 15Ronaldo
100%
Germany 16Klose
79%
Portugal 9Eusebio
71%
England 10Lineker
71%
Colombia 6Rodriguez
71%
Croatia 6Suker
71%
France 13Fontaine
57%
Argentina 10Batistuta
50%
Ghana 6Gyan
50%
Peru 10Cubillas
21%
Poland 10Lato
14%
Nigeria 4Musa
14%
Denmark 5Tomasson
14%
Scotland 4Jordan
0%
Netherlands 7Rep
0%

Score Distribution

Percentile by Number Answered

Percent of People with Each Score

Your Score History

You have not taken this quiz